000 01233nam a22002657a 4500
005 20170124103202.0
010 _aB-033809
020 _c125.00
_a8177390783
035 _aB-033809
037 _bCen Lib/Ret
040 _aDPL
_bHN
082 _a657
_bगोयल
100 _aगोयल, टी.के.
_973
245 _a लेखांकन एवं वित्तीय प्रबंध /
_cटी.के. गोयल [एवं] राजेश गोयल
246 _aLekhankan evam vittiya prabandh /
_bby T.K. Goyal [evam] Rajesh Goyal
260 _aनई दिल्ली
_bअविचल पब्लिशिंग हाउस
_c2000
270 _bनई दिल्ली
_a30, नयीवाला, करोल बाग
_e110005
300 _aभिन्न पृष्ठ
_c22सेमी(सजिल्द )
650 _aवित्तीय प्रबंध
_x
_z
_992398
650 _aवित्तीय प्रबंध -- लेखांकन
_93552
650 _aFinancial Management
_992399
650 _aFinancial Management - accounting
_992400
700 _aगोयल, राजेश
_992401
942 _2ddc
_cHN
_h657
_mगोयल
999 _c120747
_d120747